000 00239nmm a2200085Ia 4500
008 220120s9999||||xx |||||||||||||||||und||
100 _aDigit
245 0 _aGrand theftAuto, steam os round up, 12 full free games
260 _aNine dot Nine
_c2103
999 _c139871
_d139871